000 00708nai a2200193Ia 4500
003 IN-BaIIA
008 211028c9999 xx s 000 0 eng d
022 _a0885-8977 (Print)
022 _a1937-4208 (Online)
040 _cIIA Library
245 0 _aIEEE Transactions on Power Delivery
_h[eJournal]
260 _aNew York, USA
_bThe Institute of Electrical and Electronics Engineers, Inc. (IEEE)
310 _aQuarterly
362 _a1(1); 1986 - Present
521 _bSubscribed through National Knowledge Resource Consortium (NKRC)
650 _aPower, Energy and Industry Applications
856 _uhttps://ieeexplore.ieee.org/servlet/opac?punumber=61
_yClick Here to Access eJournal
942 _cEJ
999 _c34720
_d34720